Applied optics & optical design (Record no. 16359)

000 -LEADER
fixed length control field 00484nam a22001937a 4500
001 - CONTROL NUMBER
control field 16359
003 - CONTROL NUMBER IDENTIFIER
control field BD-DhUET
008 - FIXED-LENGTH DATA ELEMENTS--GENERAL INFORMATION
fixed length control field 150319b xxu||||| |||| 00| 0 eng d
040 ## - CATALOGING SOURCE
Transcribing agency DLC
Modifying agency BD-DhUET
082 ## - DEWEY DECIMAL CLASSIFICATION NUMBER
Classification number 535.33
Item number CON/1960
100 ## - MAIN ENTRY--PERSONAL NAME
Personal name Conrady, A. E.
245 ## - TITLE STATEMENT
Title Applied optics & optical design
250 ## - EDITION STATEMENT
Edition statement 1st ed.
260 ## - PUBLICATION, DISTRIBUTION, ETC. (IMPRINT)
Place of publication, distribution, etc. New York
Name of publisher, distributor, etc. Dover Publication
Date of publication, distribution, etc. 1960
300 ## - PHYSICAL DESCRIPTION
Extent 312p.
650 #0 - SUBJECT ADDED ENTRY--TOPICAL TERM
Topical term or geographic name as entry element Instruments : Optics Physics
700 ## - ADDED ENTRY--PERSONAL NAME
Personal name Kingslake, Rudolf
942 ## - ADDED ENTRY ELEMENTS (KOHA)
Koha item type General Book
Holdings
Shelving location Date acquired Koha date last seen Sublocation or collection (holding branch) Copy number Withdrawn status Lost status Damaged status Koha item type Source of classification or shelving scheme Not for loan Koha normalized classification for sorting Price effective from Piece designation (barcode) Koha full call number Location (home branch)
Circulation section2015-03-192016-04-13Central Library, BUET1   General Book  535_330000000000000_CON_19602015-03-1922066535.33/CON/1960Central Library, BUET
Circulation section2015-03-192017-02-12Central Library, BUET2   General Book  535_330000000000000_CON_19602015-03-1922067535.33/CON/1960Central Library, BUET